Khảo sát một số đặc trưng quang học của môi trường điện môi phi tuyến bằng phương pháp lý thuyết trường lượng tử Luận văn Thạc sĩ vật lý. Chuyên ngành: Quang học. Mã số: 60.44.11

Đã lưu trong:
书目详细资料
主要作者: Trịnh, Văn Thà
其他作者: Đinh Phan Khôi (Hướng dẫn)
格式: Luận văn 工具包 图书
语言:Vietnamese
出版: Vinh Đại học Vinh 2010
主题:
标签: 添加标签
没有标签, 成为第一个标记此记录!
Thư viện lưu trữ: Trung tâm Học liệu Lê Vũ Hùng, Trường Đại học Đồng Tháp
LEADER 01323ppm a22003018a 4500
001 00031250
005 20171026081025.0
008 131016s2010 ||||||viesd
041 0 # |a vie 
082 1 4 |b KH108S  |a 530.14 
100 1 # |a Trịnh, Văn Thà 
245 0 0 |a Khảo sát một số đặc trưng quang học của môi trường điện môi phi tuyến bằng phương pháp lý thuyết trường lượng tử  |b Luận văn Thạc sĩ vật lý. Chuyên ngành: Quang học. Mã số: 60.44.11  |c Trịnh Văn Thà; Đinh Phan Khôi (hướng dẫn) 
260 # # |a Vinh  |b Đại học Vinh  |c 2010 
300 # # |a 65 tr + Phụ lục.  |c 30cm. 
500 # # |a ĐTTTS ghi: Bộ giáo dục và đào tạo. Trường Đại học Vinh 
653 # # |a Khoa học giáo dục 
653 # # |a Luận văn 
653 # # |a trường lượng tử 
653 # # |a môi trường điện môi phi tuyến 
653 # # |a Quản lý giáo dục 
653 # # |a khảo sát đặc trưng 
700 1 # |a Đinh Phan Khôi  |e Hướng dẫn 
852 # # |j LV.0000466 
852 # # |b Kho đọc SĐH  |j LV.0000466 
910 |d 16/10/2013 
980 # # |a Trung tâm Học liệu Lê Vũ Hùng, Trường Đại học Đồng Tháp